Is it a President Trump Executive Order? - A Spot the Imposter Quiz - Statistics

General Stats
  • This quiz has been taken 195 times
    6 since last reset
  • The average score is 28 of 38
Answer Stats
Hint Answer % Correct
Restoring the United States Department of War Executive Order issued by President Trump
100%
Preventing Woke AI in the Federal Government Executive Order issued by President Trump
100%
Ending Taxpayer Subsidization of Biased Media Executive Order issued by President Trump
100%
Restoring Equality of Opportunity and Meritocracy Executive Order issued by President Trump
100%
Saving TikTok While Protecting National Security Executive Order issued by President Trump
100%
Ensuring Truthful Advertising of Products Claiming to be Made in America Executive Order issued by President Trump
100%
Improving Our Nation Through Better Design Executive Order issued by President Trump
80%
Saving College Sports Executive Order issued by President Trump
80%
Unleashing American Drone Dominance Executive Order issued by President Trump
80%
Reinstating Common Sense School Discipline Policies Executive Order issued by President Trump
80%
Restoring American Seafood Competitiveness Executive Order issued by President Trump
80%
Restoring Truth and Sanity to American History Executive Order issued by President Trump
80%
Addressing State and Local Failures to Rebuild Los Angeles After Wildfire Disasters Executive Order issued by President Trump
80%
Preserving America’s Game (Army-Navy Football) Executive Order issued by President Trump
80%
Mandating Coal-Fired Heating Systems in All Federal Facilities Not an Executive Order issued by President Trump
80%
Recognizing Lake Champlain as the Sixth Great Lake Not an Executive Order issued by President Trump
80%
Eliminating the Use of the Metric System in U.S. Schools Not an Executive Order issued by President Trump
80%
Increasing American Military Dominance by Adding 3 Sides to The Pentagon to Create The Octagon Not an Executive Order issued by President Trump
80%
Requiring All Oscar-Eligible Foreign Language Films be Redubbed and Rereleased in English Not an Executive Order issued by President Trump
80%
Requiring Adequate Flushing Power in Toilets Not an Executive Order issued by President Trump
80%
The Reissue of the $100,000 Bill Featuring a Portrait of President Trump Not an Executive Order issued by President Trump
80%
Designating Golf as the National Pastime Not an Executive Order issued by President Trump
80%
Establishing the First Tuesday of Each Month as “Taco Tuesday “ Not an Executive Order issued by President Trump
80%
Designating Fentanyl as a Weapon of Mass Destruction Executive Order issued by President Trump
60%
Restoring Gold Standard Science Executive Order issued by President Trump
60%
Maintaining Acceptable Water Pressure in Showerheads Executive Order issued by President Trump
60%
Celebrating American Greatness with American Motor Racing Executive Order issued by President Trump
60%
Restoring American Muscle Car Dominance Not an Executive Order issued by President Trump
60%
Establishing a Northern Border Wall with the Semi-Autonomous Canadian Province of Quebec Not an Executive Order issued by President Trump
60%
Authorizing the Return to Pull Tabs for Aluminum Beverage Cans Not an Executive Order issued by President Trump
60%
Returning the Arlington National Cemetery to the Rightful Heirs of Robert E. Lee Not an Executive Order issued by President Trump
60%
Directing Mexico to Rename the “Gulf of California “ as the True “Gulf of Mexico” Not an Executive Order issued by President Trump
60%
Eliminating Vaccine Mandates and Encouraging the Essential Oils Option Not an Executive Order issued by President Trump
60%
Moving the Hawaiian Islands to a Location near South Florida Not an Executive Order issued by President Trump
60%
Updating Unicode Emoji List v.17 to Ensure the American Flag is the Largest National Flag Not an Executive Order issued by President Trump
60%
Addressing Threats to The United States by the Government of Brazil Executive Order issued by President Trump
40%
Pursuing the Acquisition of Greenland and Other Empty Arctic Islands Not an Executive Order issued by President Trump
40%
Re-establishing the Panama Canal Zone as a Sovereign U.S. Territory Not an Executive Order issued by President Trump
40%
No matching quizzes found
Score Distribution
Percent of People with Each Score
Percentile by Number Answered
Your Score History
You have not taken this quiz since the last reset